| 000 | 01333nmc a2200409 a 4500 | ||
|---|---|---|---|
| 003 | AR-BaBNM | ||
| 005 | 20251128203938.0 | ||
| 008 | 125119s1961 ||||||||||||||000 | spa|| | ||
| 040 | _cAR-BaBNM | ||
| 245 | 1 | 0 | _aMétodos de la nueva educación |
| 260 |
_aBuenos Aires _bLosada _c1961 |
||
| 300 |
_a376 p. _bil., gráfs., tablas |
||
| 490 | 0 | _aRevista pedagógica | |
| 500 | _aContiene Método de Proyectos, Método Decroly, Método Montessori, Método Cousinet, Plan Dalton, Método Mckinder y Escuela Individualizada | ||
| 500 | _aNotas críticas y bibliográficas por Lorenzo Luzuriaga | ||
| 650 | 4 | _aMETODOS DE ENSENANZA | |
| 650 | 4 | _aENSENANZA DE LA CIENCIA | |
| 650 | 4 | _aENSENANZA DE LA HISTORIA | |
| 650 | 4 | _aENSENANZA DE LA GEOGRAFIA | |
| 650 | 4 | _aENSENANZA DE LAS MATEMATICAS | |
| 650 | 4 | _aROL DEL DOCENTE | |
| 650 | 4 | _aAPRENDIZAJE | |
| 650 | 4 | _aENSENANZA INDIVIDUALIZADA | |
| 650 | 4 | _aSOCIALIZACION | |
| 650 | 4 | _aCONDUCTA INFANTIL | |
| 653 | _aMETODOS EDUCATIVOS | ||
| 653 | _aINNOVACIONES EDUCATIVAS | ||
| 700 | 1 | _aLuzuriaga, Lorenzo | |
| 700 | 1 | _aSaínz, Fernando | |
| 700 | 1 | _aBallesteros, Antonio | |
| 700 | 1 | _aSerrano, Leonor | |
| 700 | 1 | _aSaínz-Amor, Concepción | |
| 700 | 1 | _aWashburne, Carleton W. | |
| 800 | 1 |
_aLuzuriaga, Lorenzo _efundador |
|
| 942 | _cBK | ||
| 998 | _cCarmen | ||
| 999 |
_c5569 _d5569 |
||